اردو ناولوں میں عورت کی سماجی حیثیت / (Record no. 106489)

MARC details
000 -LEADER
fixed length control field 00874nam a22002537a 4500
005 - DATE AND TIME OF LATEST TRANSACTION
control field 20170123162312.0
010 ## - LIBRARY OF CONGRESS CONTROL NUMBER
LC control number B-070430
020 ## - INTERNATIONAL STANDARD BOOK NUMBER
Terms of availability 80.00
035 ## - SYSTEM CONTROL NUMBER
System control number B-070430
037 ## - SOURCE OF ACQUISITION
Source of stock number/acquisition Cen Lib/Ret
040 ## - CATALOGING SOURCE
Original cataloging agency DPL
Language of cataloging UR
082 ## - DEWEY DECIMAL CLASSIFICATION NUMBER
Classification number 843.08
Item number ص گ ر
100 ## - MAIN ENTRY--PERSONAL NAME
Personal name صغرا مہدی
9 (RLIN) 112450
245 ## - TITLE STATEMENT
Title اردو ناولوں میں عورت کی سماجی حیثیت /
Statement of responsibility, etc صغرا مہدی
246 ## - VARYING FORM OF TITLE
Title proper/short title Urdu navalon men aurat samaji haisiyat /
Remainder of title by Saghra Mahri
260 ## - PUBLICATION, DISTRIBUTION, ETC. (IMPRINT)
Place of publication, distribution, etc نیی دہلی
Name of publisher, distributor, etc سججد پبلکشانس
Date of publication, distribution, etc 2002
270 ## - ADDRESS
Address 106 ہوز رانی ملوایا ناگر
City نیی دہلی
Postal code 110017
300 ## - PHYSICAL DESCRIPTION
Extent 158p.
Dimensions 20cm(Hb)
650 ## - SUBJECT ADDED ENTRY--TOPICAL TERM
Topical term or geographic name as entry element اردو ادب
9 (RLIN) 112451
650 ## - SUBJECT ADDED ENTRY--TOPICAL TERM
Topical term or geographic name as entry element اردو ڈرامہ
9 (RLIN) 462
650 ## - SUBJECT ADDED ENTRY--TOPICAL TERM
Topical term or geographic name as entry element Urdu literature
9 (RLIN) 112452
650 ## - SUBJECT ADDED ENTRY--TOPICAL TERM
Topical term or geographic name as entry element Urdu drama
9 (RLIN) 14322
942 ## - ADDED ENTRY ELEMENTS (KOHA)
Source of classification or shelving scheme Dewey Decimal Classification
Koha item type Urdu Bks
Classification part 843.08
Call number suffix ص گ ر
Holdings
Withdrawn status Lost status Damaged status Not for loan Home library Current library Date acquired Source of acquisition Cost, normal purchase price Total Checkouts Full call number Barcode Date last seen Copy number Cost, replacement price Price effective from Koha item type
        Central Library Central Library 22/12/2015 Cen Lib/Ret 80.00   843.08 ص گ ر B-070430 22/12/2015 1 80.00 22/12/2015 Urdu Bks

© Delhi Public Library
Hit Counter
free hit counter